[Event "Mostoles op 11th"]
[Site "Mostoles"]
[Date "2022.07.19"]
[Round "3"]
[White "Navarro Moreno, Juan Carlos"]
[Black "Mkrtchyan, Levon"]
[Result "0-1"]
[WhiteElo "1872"]
[BlackElo "2288"]
[PlyCount "80"]
[EventDate "2022.07.17"]
[EventType "swiss"]
[EventRounds "9"]
[EventCountry "ESP"]
[SourceTitle "EXT 2024"]
[Source "ChessBase"]
[SourceDate "2023.10.10"]
[SourceVersion "1"]
[SourceVersionDate "2023.10.10"]
[SourceQuality "1"]

1. d4 e6 2. Nc3 d5 3. e4 Bb4 4. exd5 exd5 5. a3 Ba5 6. b4 Bb6 7. Na4 Bf5 8. Nf3 Nf6 9. Be2 0-0 10. 0-0 Ne4 11. Be3 c6 12. Nxb6 axb6 13. Bd3 b5 14. Ne5 f6 15. Nf3 Bg4 16. h3 Bh5 17. g4 Bf7 18. Nh4 g6 19. Ng2 Nd7 20. Bf4 Nb6 21. f3 Nd6 22. Re1 Ndc4 23. Bc1 Qd6 24. Bf4 Qd7 25. Bc1 Rfe8 26. Rxe8+ Rxe8 27. Bxc4 Nxc4 28. a4 bxa4 29. Rxa4 c5 30. c3 b5 31. Ra6 cxb4 32. cxb4 Qb7 33. Rxf6 Qe7 34. g5 Qxb4 35. Kh2 Qc3 36. h4 b4 37. h5 b3 38. h6 b2 39. Bxb2 Qxb2 40. Kg3 Qxg2+ 0-1

[Event "Mostoles op 11th"]
[Site "Mostoles"]
[Date "2022.07.17"]
[Round "1"]
[White "Perez de las Penas, Jorge Ivan"]
[Black "Navarro Moreno, Juan Carlos"]
[Result "0-1"]
[WhiteElo "1440"]
[BlackElo "1872"]
[PlyCount "98"]
[EventDate "2022.07.17"]
[EventType "swiss"]
[EventRounds "9"]
[EventCountry "ESP"]
[SourceTitle "EXT 2024"]
[Source "ChessBase"]
[SourceDate "2023.10.10"]
[SourceVersion "1"]
[SourceVersionDate "2023.10.10"]
[SourceQuality "1"]

1. d4 Nf6 2. Bf4 d5 3. e3 Bf5 4. c4 c6 5. Qb3 Qb6 6. Nc3 e6 7. c5 Qxb3 8. axb3 Nbd7 9. b4 Be7 10. b5 e5 11. dxe5 Nh5 12. bxc6 bxc6 13. b4 g5 14. Be2 gxf4 15. Bxh5 Nxe5 16. Be2 fxe3 17. fxe3 Nd3+ 18. Bxd3 Bxd3 19. Ra3 Bc4 20. Nf3 Bf6 21. Nd4 Kd7 22. Kf2 Rhb8 23. Rha1 a6 24. Na2 Bxa2 25. R3xa2 Rxb4 26. Nxc6 Rb2+ 27. Rxb2 Bxb2 28. Ra2 Kxc6 29. Rxb2 Kxc5 30. Rb7 a5 31. Rxf7 a4 32. Rc7+ Kb4 33. Rb7+ Kc3 34. Rc7+ Kd3 35. Rd7 Ra5 36. Rb7 a3 37. Rb1 Kc2 38. Ra1 Kb2 39. Rxa3 Rxa3 40. g4 Kc2 41. Ke2 Rd3 42. h4 Rd2+ 43. Kf3 Kd3 44. g5 Re2 45. h5 Rxe3+ 46. Kf4 Re6 47. Kf5 Ra6 48. g6 hxg6+ 49. hxg6 Rxg6 0-1

[Event "Mostoles op 10th"]
[Site "Mostoles"]
[Date "2019.07.24"]
[Round "7"]
[White "Fernandez Rodriguez, Juan"]
[Black "Navarro Moreno, Juan Carlos"]
[Result "0-1"]
[WhiteElo "1442"]
[BlackElo "1864"]
[PlyCount "70"]
[EventDate "2019.07.18"]
[EventType "swiss"]
[EventRounds "9"]
[EventCountry "ESP"]
[SourceTitle "EXT 2020"]
[Source "ChessBase"]
[SourceDate "2019.10.17"]
[SourceVersion "1"]
[SourceVersionDate "2019.10.17"]
[SourceQuality "1"]

1. d4 d5 2. c4 c6 3. e3 Nf6 4. Nc3 e6 5. cxd5 exd5 6. Bd3 g6 7. Nge2 Bg7 8. 0-0 0-0 9. Rb1 Nh5 10. b4 a6 11. a4 b5 12. axb5 axb5 13. Bd2 Be6 14. Ra1 Nd7 15. Qc2 Qe7 16. Na2 Ra6 17. Rfb1 Rfa8 18. Qb2 Nb6 19. Nac1 Nc4 20. Bxc4 dxc4 21. Rxa6 Rxa6 22. Ra1 Qa7 23. Rxa6 Qxa6 24. Qa2 Qb7 25. Bc3 Bd5 26. Ng3 Nf6 27. f3 Nd7 28. Nce2 Nb6 29. Nf4 Na4 30. Nxd5 cxd5 31. Ne2 Bf8 32. Be1 Bd6 33. Kf2 Qe7 34. Qa3 Qh4+ 35. Ng3 Qxh2 0-1

[Event "Mostoles op 10th"]
[Site "Mostoles"]
[Date "2019.07.18"]
[Round "1"]
[White "Navarro Moreno, Juan Carlos"]
[Black "Martin Garcia, Francisco Javier"]
[Result "1-0"]
[WhiteElo "1864"]
[BlackElo "1428"]
[PlyCount "57"]
[EventDate "2019.07.18"]
[EventType "swiss"]
[EventRounds "9"]
[EventCountry "ESP"]
[SourceTitle "EXT 2020"]
[Source "ChessBase"]
[SourceDate "2019.10.17"]
[SourceVersion "1"]
[SourceVersionDate "2019.10.17"]
[SourceQuality "1"]

1. d4 Nf6 2. Nc3 g6 3. e4 d6 4. f3 Bg7 5. Be3 0-0 6. Qd2 Re8 7. Bh6 Bh8 8. h4 c6 9. h5 b5 10. hxg6 fxg6 11. g4 Be6 12. Qh2 Nbd7 13. Bd3 Nf8 14. Nge2 Bf7 15. Bxf8 Kxf8 16. e5 dxe5 17. dxe5 Nd5 18. f4 Bg7 19. Qxh7 b4 20. Ne4 Qb6 21. Ng5 c5 22. Nxf7 Kxf7 23. Qh3 Rh8 24. Qf3 Rxh1+ 25. Qxh1 Rd8 26. Qe4 Qc6 27. 0-0-0 b3 28. axb3 Rc8 29. Bc4 1-0

[Event "Mostoles op 9th"]
[Site "Mostoles"]
[Date "2018.07.22"]
[Round "6"]
[White "Angelina Vela, Carlos"]
[Black "Navarro Moreno, Juan Carlos"]
[Result "1-0"]
[WhiteElo "2098"]
[BlackElo "1844"]
[PlyCount "73"]
[EventDate "2018.07.17"]
[EventType "swiss"]
[EventRounds "9"]
[EventCountry "ESP"]
[SourceTitle "CBM 186 Extra"]
[Source "ChessBase"]
[SourceDate "2018.08.24"]
[SourceVersion "1"]
[SourceVersionDate "2018.08.24"]
[SourceQuality "1"]

1. d4 Nf6 2. Nf3 d5 3. c4 e6 4. Nc3 c6 5. e3 Bd6 6. Bd3 Nbd7 7. 0-0 b6 8. e4 dxe4 9. Nxe4 Bc7 10. b3 Bb7 11. Re1 Nxe4 12. Bxe4 Nf6 13. Bc2 Qd7 14. Bb2 0-0-0 15. Qe2 Bd6 16. a4 c5 17. a5 Bxf3 18. Qxf3 Qb7 19. Qxb7+ Kxb7 20. axb6 axb6 21. dxc5 bxc5 22. Ra5 Ra8 23. Rxa8 Kxa8 24. Bd1 Be7 25. Bf3+ Ka7 26. Ra1+ Kb6 27. Bc3 Kc7 28. Ra7+ Kd6 29. Ra6+ Kd7 30. Bc6+ Kc7 31. Ba5+ Kd6 32. f4 Bd8 33. Bb5+ Ke7 34. Ra7+ Kd6 35. Bc3 e5 36. fxe5+ Ke6 37. exf6 1-0

[Event "Mostoles op 9th"]
[Site "Mostoles"]
[Date "2018.07.20"]
[Round "4"]
[White "Gomez Logrosan, Cristian"]
[Black "Navarro Moreno, Juan Carlos"]
[Result "1/2-1/2"]
[WhiteElo "1587"]
[BlackElo "1844"]
[PlyCount "121"]
[EventDate "2018.07.17"]
[EventType "swiss"]
[EventRounds "9"]
[EventCountry "ESP"]
[SourceTitle "CBM 186 Extra"]
[Source "ChessBase"]
[SourceDate "2018.08.24"]
[SourceVersion "1"]
[SourceVersionDate "2018.08.24"]
[SourceQuality "1"]

1. d4 Nf6 2. Nc3 d5 3. Bg5 Nbd7 4. Nf3 c6 5. Qd3 a5 6. e4 dxe4 7. Nxe4 Nxe4 8. Qxe4 h6 9. Bh4 g5 10. Bg3 Nf6 11. Qd3 Be6 12. c3 Bg7 13. Be2 b5 14. Qc2 Qd5 15. c4 bxc4 16. Rc1 c3 17. Qxc3 0-0 18. Bc4 Qe4+ 19. Qe3 Bd5 20. Bd3 Qxe3+ 21. fxe3 Ne4 22. Bf2 f5 23. Bc4 Rfc8 24. Nd2 e5 25. Nxe4 fxe4 26. dxe5 Bxe5 27. b3 a4 28. Kd2 Rcb8 29. Bg3 Bxg3 30. hxg3 Kg7 31. Bxd5 cxd5 32. Rc3 axb3 33. axb3 Rf8 34. Rc7+ Kg6 35. Rc6+ Kf5 36. Rhxh6 Kg4 37. Rc5 Rf2+ 38. Kc3 Rd8 39. Kd4 Rxg2 40. Ke5 d4 41. Kxe4 d3 42. Rg6 Kh3 43. Rh6+ Kxg3 44. Rxg5+ Kf2 45. Rf6+ Kg1 46. Rxg2+ Kxg2 47. Rg6+ Kf2 48. Rf6+ Ke1 49. Rh6 Kd2 50. Rh2+ Kc3 51. Kf5 Rf8+ 52. Kg5 Kxb3 53. e4 Kc4 54. e5 Kd5 55. Rd2 Rf3 56. e6 Re3 57. e7 Kd4 58. Kf6 Kc3 59. Rxd3+ Kxd3 60. Kf7 Rf3+ 61. Kg7 1/2-1/2

[Event "Mostoles op 9th"]
[Site "Mostoles"]
[Date "2018.07.18"]
[Round "2"]
[White "Mkrtchyan, Levon"]
[Black "Navarro Moreno, Juan Carlos"]
[Result "1/2-1/2"]
[WhiteElo "2132"]
[BlackElo "1844"]
[PlyCount "74"]
[EventDate "2018.07.17"]
[EventType "swiss"]
[EventRounds "9"]
[EventCountry "ESP"]
[SourceTitle "CBM 186 Extra"]
[Source "ChessBase"]
[SourceDate "2018.08.24"]
[SourceVersion "1"]
[SourceVersionDate "2018.08.24"]
[SourceQuality "1"]

1. e4 c5 2. Nf3 g6 3. d4 cxd4 4. Nxd4 Bg7 5. Be3 Nc6 6. Nc3 Nf6 7. Bc4 0-0 8. Bb3 a5 9. 0-0 a4 10. Nxa4 Nxe4 11. Nb5 d6 12. Qe2 Ra6 13. f3 Nf6 14. Qf2 Be6 15. Rad1 Nd7 16. Rfe1 Qa5 17. Qe2 Rc8 18. Bf2 Nd8 19. Nd4 Bxb3 20. axb3 e6 21. Nb5 d5 22. Bg3 Bf8 23. Rf1 Rac6 24. c3 Nc5 25. Nd4 Ra6 26. Nxc5 Qxc5 27. Bf2 Qe7 28. f4 Nc6 29. Nxc6 Rcxc6 30. b4 Rc4 31. Ra1 Qd6 32. Bc5 Qc6 33. Bxf8 Kxf8 34. g3 Qb6+ 35. Qf2 Qc6 36. Qe2 Qb6+ 37. Qf2 Qc6 1/2-1/2

[Event "Mostoles op 8th"]
[Site "Mostoles"]
[Date "2015.07.20"]
[Round "5"]
[White "Pastor Alonso de Prado, Emilio Alberto"]
[Black "Navarro Moreno, Juan Carlos"]
[Result "1-0"]
[WhiteElo "2172"]
[BlackElo "1941"]
[PlyCount "87"]
[EventDate "2015.07.16"]
[EventType "swiss"]
[EventRounds "9"]
[EventCountry "ESP"]
[SourceTitle "EXT 2016"]
[Source "ChessBase"]
[SourceDate "2015.10.08"]
[SourceVersion "1"]
[SourceVersionDate "2015.10.08"]
[SourceQuality "1"]

1. e4 c6 2. d4 d5 3. e5 Bf5 4. a3 e6 5. c4 dxc4 6. Bxc4 Nd7 7. Nc3 b5 8. Bb3 Nb6 9. Nge2 h6 10. 0-0 Ne7 11. Ng3 Rc8 12. Be3 Bg6 13. Rc1 Nf5 14. Nxf5 Bxf5 15. g4 Bh7 16. f4 Qd7 17. Qf3 Bd3 18. Rf2 g6 19. Ne4 Be7 20. Nc5 Bxc5 21. Rxc5 Bc4 22. Bxc4 Nxc4 23. b3 Nxe3 24. Qxe3 0-0 25. f5 exf5 26. gxf5 g5 27. Qe4 Rfd8 28. Rd2 Qe7 29. b4 f6 30. e6 Rd6 31. Kf2 Kf8 32. Ke3 Qc7 33. Rdc2 Qb6 34. Qf3 Qb7 35. Qh5 Qh7 36. Qf3 Rcd8 37. Rxc6 Rxd4 38. Rc8 h5 39. Qa8 Rd3+ 40. Ke2 Qe7 41. Rxd8+ Qxd8 42. Qb7 Kg8 43. Qf7+ Kh8 44. e7 1-0

[Event "Madrid San Viator op 24th"]
[Site "Madrid"]
[Date "2015.04.26"]
[Round "5"]
[White "Uceda Martinez, Jacinto"]
[Black "Navarro Moreno, Juan Carlos"]
[Result "1/2-1/2"]
[WhiteElo "1800"]
[BlackElo "1970"]
[PlyCount "143"]
[EventDate "2015.03.22"]
[EventType "swiss"]
[EventRounds "9"]
[EventCountry "ESP"]
[SourceTitle "EXT 2016"]
[Source "ChessBase"]
[SourceDate "2015.10.08"]
[SourceVersion "1"]
[SourceVersionDate "2015.10.08"]
[SourceQuality "1"]

1. d4 Nf6 2. Nf3 d5 3. c4 c6 4. Nc3 e6 5. Bg5 Nbd7 6. a3 h6 7. Bh4 Be7 8. e3 b6 9. Be2 dxc4 10. Bxc4 Bb7 11. 0-0 0-0 12. Rc1 a5 13. Re1 b5 14. Be2 b4 15. Nb1 Nd5 16. Bg3 N7f6 17. Ne5 Rc8 18. Qa4 c5 19. dxc5 Bxc5 20. Qb5 Qb6 21. Qxb6 Bxb6 22. Bf3 Ba6 23. Nd2 Rxc1 24. Rxc1 Nxe3 25. Rc6 Rc8 26. Ne4 Nxe4 27. Bxe4 Rxc6 28. Nxc6 bxa3 29. bxa3 Nc4 30. a4 Nb2 31. Bc2 f6 32. Bd6 Kf7 33. Nb8 Bd3 34. Bb3 Bc4 35. Bc2 Be2 36. Nd7 Bd4 37. Nc5 Bd1 38. Bxd1 Nxd1 39. Nd3 Bb6 40. Kf1 Nc3 41. Nb2 Ne4 42. Nc4 Bd8 43. f3 Nc3 44. Nb2 h5 45. Bf4 g5 46. Bd2 Nd5 47. Nc4 Nb4 48. Ke2 Nc6 49. Kd1 h4 50. h3 e5 51. Kc2 Ke6 52. Kd3 f5 53. Bc3 Bc7 54. Ne3 Bd6 55. Nc4 Nb4+ 56. Bxb4 Bxb4 57. Ne3 Bd6 58. Kc4 Bc7 59. Kc5 e4 60. fxe4 fxe4 61. Ng4 Bf4 62. Kd4 e3 63. Nxe3 Bxe3+ 64. Kxe3 Kd5 65. Kd3 Ke5 66. Ke3 Kd5 67. Kd3 Kc5 68. Kc3 Kd5 69. Kd3 Ke5 70. Ke3 Kf5 71. Kf3 Ke5 72. Ke3 1/2-1/2

[Event "Madrid San Viator op 24th"]
[Site "Madrid"]
[Date "2015.04.19"]
[Round "4"]
[White "Navarro Moreno, Juan Carlos"]
[Black "Dominguez Afonso, Ayraldo"]
[Result "1-0"]
[WhiteElo "1970"]
[BlackElo "1604"]
[PlyCount "37"]
[EventDate "2015.03.22"]
[EventType "swiss"]
[EventRounds "9"]
[EventCountry "ESP"]
[SourceTitle "EXT 2016"]
[Source "ChessBase"]
[SourceDate "2015.10.08"]
[SourceVersion "1"]
[SourceVersionDate "2015.10.08"]
[SourceQuality "1"]

1. Nf3 d5 2. d4 Nf6 3. Bf4 e6 4. e3 Bd6 5. Bg3 0-0 6. Bd3 b6 7. Nbd2 Bb7 8. Ne5 c5 9. c4 Nc6 10. Rc1 Rc8 11. 0-0 Ne7 12. h3 Ng6 13. Ndf3 Qc7 14. Nxg6 fxg6 15. Ne5 Nd7 16. Qg4 Nf6 17. Qxe6+ Kh8 18. Nxg6+ hxg6 19. Bxd6 1-0